Warriors Books Quiz Stats

 Plays Quiz Retired Jun 23, 2021

     
Support Sporcle.
Go Orange.
Score 0/89 Timer 10:00
0 Plays Today
Hints Books % Correct
WarriorsInto the Wild
94.1%
WarriorsFire and Ice
89.6%
The New ProphecyMidnight
81.5%
WarriorsForest of Secrets
79.6%
WarriorsThe Darkest Hour
79.6%
The New ProphecyDawn
78.8%
The New ProphecySunset
78.7%
WarriorsRising Storm
75.8%
WarriorsA Dangerous Path
75.2%
The New ProphecyMoonrise
75%
The Power of ThreeSunrise
74%
The New ProphecyTwilight
73.5%
The Power of ThreeThe Sight
71.6%
The New ProphecyStarlight
68.7%
Super EditionsFirestar's Quest
66.5%
Omen of the StarsThe Fourth Apprentice
65.4%
The Power of ThreeDark River
64.6%
The Power of ThreeEclipse
63.9%
Super EditionsBluestar's Prophecy
63.4%
Omen of the StarsThe Last Hope
61.8%
The Power of ThreeLong Shadows
60.1%
The Power of ThreeOutcast
59.7%
Dawn of the ClansThe Sun Trail
57.9%
Super EditionsYellowfang's Secret
57.2%
Super EditionsCrookedstar's Promise
56.6%
Dawn of the ClansThe First Battle
54.1%
Super EditionsTallstar's Revenge
54.1%
Omen of the StarsThe Forgotten Warrior
54%
Dawn of the ClansThunder Rising
52.5%
Super EditionsSkyclan's Destiny
52.1%
Hints Books % Correct
Omen of the StarsFading Echoes
51.5%
Omen of the StarsNight Whispers
49.8%
Omen of the StarsSign of the Moon
49.6%
A Vision of ShadowsThe Apprentice's Quest
49%
Dawn of the ClansThe Blazing Star
47.9%
Super EditionsBramblestar's Storm
47.7%
Dawn of the ClansA Forest Divided
45.8%
A Vision of ShadowsThunder and Shadow
45.5%
Super EditionsSquirrelflight's Hope
45.5%
The Broken CodeLost Stars
45.4%
Super EditionsCrowfeather's Trial
44.4%
The Broken CodeVeil of Shadows
44.1%
A Vision of ShadowsRiver of Fire
43.9%
Dawn of the ClansPath of Stars
43.4%
Super EditionsMoth Flight's Vision
42.1%
A Vision of ShadowsShattered Sky
41.8%
The Broken CodeThe Silent Thaw
41.2%
Field GuidesCode of the Clans
41.2%
Super EditionsHawkwing's Journey
39.2%
A Vision of ShadowsThe Raging Storm
39.2%
Field GuidesCats of the Clans
39.1%
Super EditionsTigerheart's Shadow
38.3%
Field GuidesSecrets of the Clans
38.1%
Field GuidesBattles of the Clans
37.4%
A Vision of ShadowsDarkest Night
37.1%
NovellasHollyleaf's Story
36.2%
Standalone MangaThe Rise of Scourge
34.7%
NovellasLeafpool's Wish
34.5%
NovellasMistystar's Omen
33.8%
Field GuidesWarriors: The Ultimate Guide
32.8%
Hints Books % Correct
NovellasTigerclaw's Fury
32.5%
NovellasDovewing's Silence
32.2%
Graystripe's Trilogy (Manga)The Lost Warrior
31.5%
NovellasMapleshade's Vengeance
31.4%
NovellasCloudstar's Journey
30.5%
Tigerstar and Sasha (Manga)Into the Woods
29.2%
NovellasGoosefeather's Curse
28.6%
Graystripe's Trilogy (Manga)Warrior's Return
27.8%
Field GuidesEnter the Clans
27.8%
NovellasRavenpaw's Farewell
27.3%
Graystripe's Trilogy (Manga)Warrior's Refuge
26.7%
Ravenpaw's Path (Manga)The Heart of a Warrior
25.3%
Standalone MangaA Shadow in RiverClan
23.6%
Ravenpaw's Path (Manga)A Clan in Need
23.5%
Tigerstar and Sasha (Manga)Return to the Clans
23.4%
Ravenpaw's Path (Manga)Shattered Peace
23.3%
Tigerstar and Sasha (Manga)Escape from the Forest
22.1%
SkyClan and the Stranger (Manga)After the Flood
21.9%
Complete Trilogy (Manga)Warriors: SkyClan and the Stranger
20.1%
NovellasThunderstar's Echo
18.3%
Complete Trilogy (Manga)Warriors: Graystripe's Adventure
17.2%
SkyClan and the Stranger (Manga)The Rescue
16.9%
SkyClan and the Stranger (Manga)Beyond the Code
16.2%
NovellasPath of a Warrior
12%
NovellasA Warrior's Spirit
10%
NovellasThe Untold Stories
8.5%
NovellasTales from the Clans
6.9%
NovellasShadows of the Clans
6.8%
NovellasLegends of the Clans
6.6%

From the Vault

Geometry per Letter

by naturefreak2101

Science 6m
These letters are so mathematical.
Remove Ads.
Support Sporcle.
Get the best of Sporcle when you Go Orange. This ad-free experience offers more features, more stats, and more fun while also helping to support Sporcle. Thank you for becoming a member.

Show Comments

Extras

Top Quizzes Today


Score Distribution

Your Account Isn't Verified!

In order to create a playlist on Sporcle, you need to verify the email address you used during registration. Go to your Sporcle Settings to finish the process.

Report this User

Report this user for behavior that violates our Community Guidelines.

Details: